Govt. of
Madhya Pradesh

General Studies Preview Environment & Ecology (Record no. 66453)

MARC details
000 -LEADER
fixed length control field 00284nam a22001097a 4500
082 ## - DEWEY DECIMAL CLASSIFICATION NUMBER
Classification number 333
100 ## - MAIN ENTRY--AUTHOR NAME
Personal name Uoadhyay, Anubhav
245 ## - TITLE STATEMENT
Title General Studies Preview Environment & Ecology
260 ## - PUBLICATION, DISTRIBUTION, ETC. (IMPRINT)
Place of publication Allahabad
Name of publisher Sam_Samayik Ghatna Chakra
Year of publication 2023
650 ## - SUBJECT ADDED ENTRY--TOPICAL TERM
Topical Term Environment
942 ## - ADDED ENTRY ELEMENTS (KOHA)
Koha item type Books
Holdings
Withdrawn status Lost status Damaged status Not for loan Home library Current library Date acquired Cost, normal purchase price Full call number Accession Number Price effective from Koha item type
        MACL MACL 23/12/2023 200.00 333 DPI001845 23/12/2023 Books
        MACL MACL 23/12/2023 200.00 333 DPI001844 23/12/2023 Books